| 000 | 00586nam a2200169 i 4500 | ||
|---|---|---|---|
| 001 | 66153 | ||
| 003 | ES-MaACL | ||
| 005 | 20230906165544.0 | ||
| 007 | t| | ||
| 008 | 040128s1941 sp ||||1| spa d | ||
| 100 | 1 |
_aGaertner, Victor. _953203 |
|
| 245 | 1 | 0 |
_aElectroquímica _b: un libro de enseñanza y de orientación para estudiantes, técnicos y fabricantes / _cVictor Gaertner ; traducida por José Ibarz. |
| 260 |
_aBarcelona : _b[s.n.], _c1941 ( _fClarasó) |
||
| 300 |
_aXVI, 460 p. : _bil. ; _c24 cm. |
||
| 700 | 1 |
_aIbarz, José. _964980 |
|
| 852 |
_aES-MaACL _jF-15216 _bR.18866 |
||
| 999 |
_c66153 _d66153 |
||